|
|
|
|
| LEADER |
01261cam a2200301 7i4500 |
| 001 |
0000022882 |
| 005 |
20090610090000.0 |
| 090 |
0 |
0 |
|a P 333.7932
|b DOM
|
| 245 |
0 |
0 |
|a Domestic electrical appliances - Germany :
|b April 2009.
|
| 260 |
0 |
0 |
|a London:
|b Euromonitor International,
|c 2009.
|
| 300 |
# |
# |
|a [v.p].
|
| 440 |
0 |
0 |
|a Country Market Insight
|
| 650 |
0 |
0 |
|a Vacuum cleaners --
|x Markets --
|z Germany
|
| 650 |
0 |
0 |
|a Microwaves --
|x Markets --
|z Germany
|
| 650 |
0 |
0 |
|a Home laundry --
|x Markets --
|z Germany
|
| 650 |
0 |
0 |
|a Dishwashers --
|x Markets --
|z Germany
|
| 650 |
0 |
0 |
|a Irons --
|x Markets --
|z Germany
|
| 650 |
0 |
0 |
|a Electrical appliances --
|x Markets --
|z Germany
|
| 650 |
0 |
0 |
|a Refrigerator --
|x Markets --
|z Germany
|
| 650 |
0 |
0 |
|a Air treatment --
|x Markets --
|z Germany
|
| 650 |
0 |
0 |
|a Food preparation appliances --
|x Markets --
|z Germany
|
| 650 |
0 |
0 |
|a Heating appliances --
|x Markets --
|z Germany
|
| 650 |
0 |
0 |
|a Large cooking appliances --
|x Markets --
|z Germany
|
| 650 |
0 |
0 |
|a Personal care appliances --
|x Markets --
|z Germany
|
| 650 |
0 |
0 |
|a Small cooking appliances --
|x Markets --
|z Germany
|
| 650 |
0 |
0 |
|a Small kitchen appliances --
|x Markets --
|z Germany
|
| 651 |
0 |
0 |
|a Germany
|
| 999 |
|
|
|a B000024624
|b Book
|c Products
|e Business Information Centre
|